000 01307cam a2200325 a 4500
999 _c3254
_d3254
001 13680562
003 GZU
005 20201124085350.0
008 040809s2004 nyua b 001 0 eng d
010 _a 2004301715
020 _a0071434712
035 _a(OCoLC)ocm54109199
040 _aBGU
_cBGU
_dONU
_dDLC
042 _alccopycat
050 0 0 _aHD 61
_b.McC 2004
100 1 _aMcCarthy, Mary Pat.
245 1 0 _aRisk from the CEO and board perspective /
_cMary Pat McCarthy and Timothy P. Flynn ; contributing author, Rob Brownstein.
260 _aNew York :
_bMcGraw-Hill,
_cc2004.
300 _axiii, 304 p. :
_bill. ;
_c24 cm.
504 _aIncludes bibliographical references (p. 279-292) and index.
650 0 _aRisk management.
700 1 _aFlynn, Timothy P.
700 1 _aBrownstein, Rob.
856 4 2 _3Publisher description
_uhttp://www.loc.gov/catdir/description/mh051/2004301715.html
856 4 2 _3Contributor biographical information
_uhttp://www.loc.gov/catdir/bios/mh051/2004301715.html
856 4 1 _3Table of contents
_uhttp://www.loc.gov/catdir/toc/fy051/2004301715.html
906 _a7
_bcbc
_ccopycat
_d2
_encip
_f20
_gy-gencatlg
942 _2lcc
_cBK
_h61
_imcC
_kHD